000 00715nam a2200217 a 4500
999 _c2999
_d2999
001 2999
003 BD-JhCC
005 20171125124250.0
008 171108s1980 bg a|||| |||| 000 0 ben d
035 _a(BD-JhCC)2999
040 _aBD-JhCC
_dBD-JhCC
041 _aben
082 _a891.4415
_bSHA 1980
100 _aশফিউল্লাহ, সাদেকা
245 _aযুদ্ধ অবশেষে /
_cসাদেকা শফিউল্লাহ.
260 _aঢাকা :
_bবাংলাদেশ বুকস ইন্টারন্যাশনাল লিঃ,
_c1980.
300 _a93 p. :
_bill.,
_c21 cm.
650 _aHistoricali Short Stories
942 _2ddc
_cBK